Logo BPK

Bibliografia Prac Pracowników

Politechniki Koszalińskiej

Wpływ rodzaju czynnika wysokociśnieniowego - substytutu R22 - na wymianę ciepła podczas skraplania w konwencjonalnych kanałach rurowych / (Rekord nr 2594)

Szczegóły MARC
000 -ETYKIETA REKORDU
podpole kontrolne o stałej długości 01811nab a2200241 i 4500
001 - NUMER KONTROLNY REKORDU
podpole kontrolne BPP
003 - IDENTYFIKATOR NUMERU KONTROLNEGO REKORDU
podpole kontrolne BPK
005 - DATA OSTATNIEJ MODYFIKACJI REKORDU
podpole kontrolne 20160113143110.0
008 - POLE O STAŁEJ DŁUGOŚCI - DANE KONTROLNE
podpole kontrolne o stałej długości 140307s2009 pl f |000 0 pol
040 ## - ŹRÓDŁO KATALOGOWANIA
Instytucja, która utworzyła rekord BPK
080 ## - UNIWERSALNA KLASYFIKACJA DZIESIĘTNA - UKD
UKD 621.59
100 ## - NAZWA OSOBOWA
Nazwa osobowa BOHDAL, Tadeusz.
Lata pracy 1996 - .
Instytucja Politechnika Koszalińska - Wydział Mechaniczny,
Wydział Katedra Techniki Cieplnej i Chłodnictwa
245 ## - TYTUŁ/ODPOWIEDZIALNOŚĆ
Tytuł Wpływ rodzaju czynnika wysokociśnieniowego - substytutu R22 - na wymianę ciepła podczas skraplania w konwencjonalnych kanałach rurowych /
Pozostałe elementy strefy tytułu i oznaczenia odpowiedzialności Tadeusz Bohdal, Henryk Charun, Marian Czapp ; Politechnika Koszalińska.
260 ## - STREFA ADRESU WYDAWNICZEGO
Data publikacji, dystrybucji/powstania dokumentu 2009.
500 ## - UWAGI OGÓLNE
Tekst uwagi Dane z autopsji.
520 ## - UWAGA DOTYCZĄCA TREŚCI DOKUMENTU
Analiza dokumentacyjna, adnotacja itp. Wycofanie z zastosowania czynnika chłodniczego R22 stwarza konieczność jednoznacznego wyboru jego substytutu. Aktualnie bierze się pod uwagę następujące zamienniki (o wysokim ciśnieniu skraplania) : R410A, R404A, R407C i w ograniczonym zakresie R 134a. Wykorzystując wyniki wybranych opublikowanych prac różnych autorów, wskazano preferowane kierunki wyboru metod obliczania współczynnika przejmowania ciepła podczas skraplania wymienionych czynników w kanałach rurowych konwencjonalnych (o średnicy hydraulicznej większej niż 3 mm). Zwrócono uwagę, że właściwym podejściem w doborze korelacji obliczeniowej jest uwzględnianie struktury przepływu dwufazowego w procesie skraplania.
650 #0 - HASŁO PRZEDMIOTOWE W FORMIE NAZWY OGÓLNEJ LUB JEDNOSTKOWEJ
Nazwa ogólna lub geograficzna Czynniki chłodnicze.
650 #0 - HASŁO PRZEDMIOTOWE W FORMIE NAZWY OGÓLNEJ LUB JEDNOSTKOWEJ
Nazwa ogólna lub geograficzna Skraplanie.
700 ## - HASŁO DODATKOWE - NAZWA OSOBOWA
Nazwa osobowa CHARUN, Henryk.
Lata pracy 1996 - .
Instytucja Politechnika Koszalińska - Wydział Mechaniczny,
Wydział Katedra Techniki Cieplnej i Chłodnictwa
773 ## - TYTUŁ DOKUMENTU MACIERZYSTEGO
Wyrażenie wprowadzające W :
Tytuł Chłodnictwo. -
Informacje dotyczące relacji T. 44, 2009, nr 12, s. 10-15
700 ## - HASŁO DODATKOWE - NAZWA OSOBOWA
Nazwa osobowa CZAPP, Marian.
Lata pracy 1996 - 2004.
Instytucja Politechnika Koszalińska - Wydział Mechaniczny,
Wydział Katedra Techniki Cieplnej i Chłodnictwa
942 ## - HASŁO DODATKOWE - ELEMENTY(KOHA)
Typ dokumentu Artykuł
Schemat klasyfikacji Uniwersalna klasyfikacja dziesiętna
Egzemplarze
Wycofany Zagubiony Uszkodzony Dostępność Lokalizacja stała Lokalizacja bieżąca Sygnatura Typ dokumentu
      Dostępny Bibliografia Prac Pracowników - BPK Bibliografia Prac Pracowników - BPK 0218 Artykuł
© 2014 Biblioteka Politechniki Koszalińskiej :: BIBLIOGRAFIA PRAC PRACOWNIKÓW